Livestock production systems

Forms part of a series of 15 books on animal production in the tropics, which are intended to provide up-to-date information for students, extension specialists and farmers, in an accessible manner. The book explains why livestock are an important component of agriculture in the tropics.

Na minha lista:
Detalhes bibliográficos
Autor principal: Wilson, R. Trevor
Formato: Livro
Idioma:Undetermined
Publicado em: Malaysia Macmillan Education 1995
Assuntos:
Tags: Adicionar Tag
Sem tags, seja o primeiro a adicionar uma tag!
Thư viện lưu trữ: Trung tâm Học liệu Trường Đại học Cần Thơ
LEADER 00843nam a2200205Ia 4500
001 CTU_145904
008 210402s9999 xx 000 0 und d
020 |c 35.00 
082 |a 636.01 
082 |b W746 
100 |a Wilson, R. Trevor 
245 0 |a Livestock production systems 
245 0 |c R. Trevor Wilson 
260 |a Malaysia 
260 |b Macmillan Education 
260 |c 1995 
520 |a Forms part of a series of 15 books on animal production in the tropics, which are intended to provide up-to-date information for students, extension specialists and farmers, in an accessible manner. The book explains why livestock are an important component of agriculture in the tropics. 
650 |a Animal culture,Chăn nuôi động vật 
904 |i Trọng Hải 
980 |a Trung tâm Học liệu Trường Đại học Cần Thơ